| 000 | 00519nam a2200169 a 4500 | ||
|---|---|---|---|
| 005 | 20240925065134.0 | ||
| 008 | 991125s1967 mad 000 0 spa u | ||
| 035 | _aUPN01000049682 | ||
| 049 | _aCG | ||
| 050 | 4 |
_aHM251 _bB4.38 |
|
| 100 | 1 | _aBeck, Walter | |
| 245 | 1 | 0 |
_aPsicología social : _bfundamentos y estructuras / _cpor Walter Beck ; pról. por José Luis Pinillos ; tr. Alfredo Güera Miralles. |
| 260 |
_aMadrid : _bMorata, _c1967. |
||
| 300 | _a293 p. | ||
| 650 | 4 |
_aPsicología social _95889 |
|
| 905 | _aLibro | ||
| 999 |
_c49682 _d49682 |
||